Mitos y Realidades Constitucionales : (Record no. 23407)

000 -CABECERA
fixed length control field 01033nam a22002537i 4500
003 - IDENTIFICADOR DEL NÚMERO DE CONTROL
control field AR-CdUCM
008 - DATOS DE LONGITUD FIJA--INFORMACIÓN GENERAL
fixed length control field 250915b20252025 pe||||| |||| 00| 0 spa d
040 ## - FUENTE DE LA CATALOGACIÓN
Agencia/entidad que catalogó originalmente la obra MUNICIPALIDAD PROVINCIAL DEL CUSCO
Entidad que transcribió la catalogación BIBLIOTECA MUNICIPAL DEL CUSCO
082 ## - NÚMERO DE LA CLASIFICACIÓN DECIMAL DEWEY
No. de Clasificación 343 / V32
Notacion interna V32
100 ## - ENTRADA PRINCIPAL--NOMBRE DE PERSONA
Nombre Personal Vargas Haya, Héctor
245 ## - MENCIÓN DE TÍTULO
Título Mitos y Realidades Constitucionales :
Resto del título Constituciones de 1979 y 1993 /
300 ## - DESCRIPCIÓN FÍSICA
Nº de Páginas Extensión 184 páginas. :
Dimensiones 20x15 cm.
500 ## - NOTA GENERAL
Bibliografía Páginas: 183-184
505 ## - NOTA DE CONTENIDO CON FORMATO
Nota de contenido formateada Asamblea constituyente de 1979 -- Víctor Raúl Haya de la Torre -- El congreso -- Presidencia de la república -- Garantías constitucionales -- La democracia -- Centralismo constitucional -- Los gobiernos regionales -- Una asamblea constituyente ideal
650 ## - PUNTO DE ACCESO ADICIONAL DE MATERIA--TÉRMINO DE MATERIA
Descriptor Constituyente
9 (RLIN) 51579
650 ## - PUNTO DE ACCESO ADICIONAL DE MATERIA--TÉRMINO DE MATERIA
Descriptor Constitucion de 1979
9 (RLIN) 51580
650 ## - PUNTO DE ACCESO ADICIONAL DE MATERIA--TÉRMINO DE MATERIA
Descriptor Economía
9 (RLIN) 382
650 ## - PUNTO DE ACCESO ADICIONAL DE MATERIA--TÉRMINO DE MATERIA
Descriptor Estado
9 (RLIN) 738
650 ## - PUNTO DE ACCESO ADICIONAL DE MATERIA--TÉRMINO DE MATERIA
Descriptor Comisiones parlamentarias
9 (RLIN) 51581
650 ## - PUNTO DE ACCESO ADICIONAL DE MATERIA--TÉRMINO DE MATERIA
Descriptor Descentralización
9 (RLIN) 3895
942 ## - ELEMENTOS DE PUNTO DE ACCESO ADICIONAL (KOHA)
Fuente de clasificación
Tipo de item Libros-BMC
945 ## - PROCESAMIENTO DE INFORMACIÓN LOCAL (OCLC)
Catalogador pbjr
AAAA-MM-DD - Fecha de ingreso o modificacion 11-09-2025
Holdings
Estado de retiro (separado) Fuente de clasificación o esquema de estanterías Estado dañado Ubicación Sala donde se ubica Nombre de la colección Fecha de adquisición o compra Fuente de adquisición Costo, precio normal en soles Signatura topográfica Código de Barras Última vez visto (Koha) Tipo de ítem (Koha)
No     Sala Humanidades Sala Humanidades Book Cart 2025-09-15 Donación 15.00 343 / V32 SH0000016974 2025-09-15 Libros-BMC

Powered by Koha